El caballero de la armadura oxidada /

Guardado en:
Autor Principal: Fisher, Robert
Formato: Libro
Publicado: Barcelona : Obelisco, 2005
Materias:
Etiquetas: Agregar Etiqueta
Sin Etiquetas, Sea el primero en etiquetar este registro!
LEADER 00495nam a22001695a 4500
001 CEM.cems018504
008 130507s2005##################000#0#####d
005 20230517093948.0
245 1 0 |a El caballero de la armadura oxidada /  |c Robert Fisher 
260 |a Barcelona :  |b Obelisco,  |c 2005 
300 |a 93 p. 
020 |a 8477204055 
100 1 |a Fisher, Robert 
082 0 4 |a 813.5 
653 |a Literatura 
653 |a Literatura norteamericana 
859 |a CEMS  |b BIB. CEMS - Agricultura  |h 813.5  |i F531  |p A2206.14  |t Ej.1